000 01058nam a2200205 a 4500
001 32856
005 20180714000544.0
008 140415s2007 sp 000 0 spa d
020 _a9788496642334
041 _aspa
082 _a657.45
_bPIC
100 1 _aSPENCER PICKETT, K.H.
245 1 0 _aMANUAL BASICO DE AUDITORIA INTERNA
250 _a1a ed.ICIÓN
260 _aESPAÑA :
_bGESTION,
_c2007
300 _a507
_c17 x 4 x 25
520 _aEL MANUAL BÁSICO DE AUDITORÍA INTERNA ES UNA VERSIÓN RESUMIDA DE LA SEGUNDA EDICIÓN DE INTERNAL AUDITING HANDBOOK, UNA OBRA CON UN GRAN ÉXITO DE VENTAS. ESTE NUEVO LIBRO PROPORCIONA UNA GUÍA EXHAUSTIVA PARA LA TEORÍA Y LA PRÁCTICA DE LA AUDITORÍA INTERNA, INCORPORA LAS EXPERIENCIAS DE LA VIDA REAL DE LOS PROFESIONALES DE LA AUDITORÍA E INCLUYE LOS CAMBIOS SIGNIFICATIVOS Y RECIENTES QUE SE HAN PRODUCIDO EN LA PRÁCTICA DE LA AUDITORÍA INTERNA. ALGUNOS DE LOS TEMAS ABORDADOS: LA GESTIÓN D
650 1 4 _aAUDITORIA
740 _aTHE ESSENTIAL HANDBOOK OF INTERNATIONAL AUDITING
999 _c32856
_d32856